Statistics for Cook Islands Country Quiz

Click here to take the quiz!

General Stats

  • This quiz has been taken 131 times
  • The average score is 9 of 14

Answer Stats

hintanswer% Correct
Official languageEnglish
85%
Dependent territory of which country
1901-1960's
New Zealand
81%
CurrencyNZ dollar
75%
Official languageCook Islands Maori
69%
Most popular sportRugby league
68%
First name of explorer
the country is named after
{James} Cook
67%
Protectorate of which country 1888-1901United Kingdom
64%
Main islandRarotonga
61%
CapitalAvarua
57%
Internet suffixck
56%
Main industrytourism
56%
Gained full independence in which year1965
53%
Main tourist islandAitutaki
42%
Population to nearest thousand15,000
37%

Score Distribution

Percentile by Number Answered

Percent of People with Each Score

Your Score History

You have not taken this quiz